Statistiques concernant Espèces de panthères

Cliquez ici pour prendre le quiz!

Statistiques générales

  • Ce quiz a été pris 224 fois
  • Le résultat moyen est 5 sur 9

Statistiques - réponses

StatutNom binominal (latin)Espèce (nom courant)% Correct
Existe encorePanthera pardusLéopard
84%
Existe encorePanthera tigrisTigre
83%
Existe encorePanthera leoLion
79%
Existe encorePanthera oncaJaguar
67%
Existe encorePanthera unciaPanthère des neiges
62%
Existe encoreNeofelis nebulosaPanthère nébuleuse
49%
N'existe plusPanthera spelaeaLion des cavernes
13%
Existe encoreNeofelis diardiPanthère nébuleuse de Borneo
7%
N'existe plusPanthera blytheaePanthera blytheae
6%

Distribution des résultats

Percentile par nombre de réponses

% des personnes avec chaque résultat

Votre développement - résultats

Vous n’avez pas pris ce quiz